[Event "Albena Masters Open 2012"]
[Site "Albena BUL"]
[Date "2012.05.27"]
[Round "2.22"]
[White "Aginian,N"]
[Black "Tunik,G"]
[Result "1-0"]
[WhiteElo "2254"]
[BlackElo "2429"]

1.e4 c5 2.Nf3 e6 3.d4 cxd4 4.Nxd4 a6 5.Bd3 Bc5 6.Nb3 Be7 7.Qg4 g6 8.Qe2 d6
9.a4 Nd7 10.a5 Ngf6 11.Bh6 Nh5 12.Qd2 Ne5 13.Be2 Nf6 14.Nc3 Qc7 15.O-O Bd7
16.Rfd1 Bc6 17.Bg7 Rg8 18.Bxf6 Bxf6 19.Qxd6 Qxd6 20.Rxd6 Ke7 21.Rdd1 g5 22.f3 Rgc8
23.Nc5 Rc7 24.Ra3 Be8 25.N5a4 Rd8 26.Rxd8 Kxd8 27.Nb6 Rc5 28.Ra1 Nc6 29.Nc4 Bxc3
30.bxc3 Kc7 31.Kf2 f5 32.Bd3 Bg6 33.Ke3 f4+ 34.Kd2 e5 35.Nb6 Rxa5 36.Rb1 Bf7
37.Na8+ Kb8 38.Nb6 Be6 39.Ke2 h5 40.h3 Ka7 41.Kd2 Ne7 42.Bc4 Nc8 43.Nd5 Rc5
44.Bb3 Nd6 45.Nf6 Bxb3 46.cxb3 Ra5 47.Kc2 Nb5 48.Kb2 Nc7 49.Nxh5 Rc5 50.Rd1 Rc6
51.Ng7 a5 52.Nf5 b5 53.Ne7 Rc5 54.Nc8+ Kb7 55.Nd6+ Kc6 56.Nf7 b4 57.cxb4 axb4
58.Nxg5 Nb5 59.Ne6 Rc3 60.Nd8+ Kb6 61.Nf7 Nd4 62.Nxe5 Rxb3+ 63.Ka2 Ra3+ 64.Kb2 Rb3+
65.Kc1 Rc3+ 66.Kd2 Kc5 67.Nd3+ Kc4 68.Nxf4 Rc2+ 69.Ke3 Nb5 70.Nd3 b3 71.Ne5+ Kc3
72.Rd3+ Kb4 73.Rd2 Kc3 74.Rd3+ Kb4 75.Rd2 Kc3 76.Rxc2+ bxc2 77.Nd3 Nd4 78.h4 Ne6
79.g3 Nd4 80.h5 Nxf3 81.h6 Ne5 82.h7 Ng6 83.e5 Kc4 84.e6  1-0

[Event "Albena Masters Open 2012"]
[Site "Albena BUL"]
[Date "2012.05.29"]
[Round "4.17"]
[White "Gunajew,R"]
[Black "Tunik,G"]
[Result "1-0"]
[WhiteElo "2243"]
[BlackElo "2429"]

1.e4 c5 2.Nf3 e6 3.d4 cxd4 4.Nxd4 a6 5.Bd3 Bc5 6.Nb3 Be7 7.Qg4 g6 8.Qe2 d6
9.c4 Nc6 10.Nc3 Ne5 11.Bc2 Qc7 12.Nd2 b6 13.O-O Bb7 14.f4 Nd7 15.Kh1 Bf6
16.a4 Bg7 17.Ra3 Ngf6 18.Nb3 O-O 19.a5 Rac8 20.Bd3 Rfe8 21.Be3 h5 22.axb6 Nxb6
23.Na5 Ba8 24.b4 Bf8 25.e5 dxe5 26.fxe5 Ng4 27.c5 Nd7 28.Bg1 Rb8 29.h3 Ngxe5
30.Bh2 Rxb4 31.c6 Bxc6 32.Nxc6 Qxc6 33.Bxe5 Nxe5 34.Qxe5 Rb2 35.Be4 Qd7 36.Rxa6 Bg7
37.Qg3 Rc8 38.Nd1 Rd2 39.Qf3 Rc1 40.Ra8+ Kh7 41.Qxh5+ Bh6 42.Bxg6+  1-0

[Event "Albena Masters Open 2012"]
[Site "Albena BUL"]
[Date "2012.05.29"]
[Round "4.16"]
[White "Aginian,N"]
[Black "Wan Yunguo"]
[Result "0-1"]
[WhiteElo "2254"]
[BlackElo "2456"]

1.e4 c5 2.Nf3 e6 3.d4 cxd4 4.Nxd4 a6 5.Bd3 Qb6 6.Nb3 Qc7 7.Qe2 d6 8.c4 Nf6
9.Nc3 Nbd7 10.f4 b6 11.O-O Bb7 12.Kh1 Be7 13.Bd2 g6 14.Nd4 h5 15.Rae1 h4
16.Nf3 Nh5 17.b4 Bf6 18.e5 dxe5 19.fxe5 Bg7 20.Ng5 Nxe5 21.Nxf7 h3 22.Nd5 exd5
23.Nxe5 O-O-O 24.cxd5 Rxd5 25.Nf3 hxg2+ 26.Kxg2 Nf4+ 27.Bxf4 Qxf4 28.Be4 Kb8
29.Qe3 Qg4+ 30.Kh1 Re8 31.Rg1 Qxe4 32.Qxe4 Rxe4 33.Rxe4 Rd3 34.Re8+ Ka7 35.Re7 Rxf3
36.Rxb7+ Kxb7 37.Rxg6 Bd4 38.Rd6 Rf1+ 39.Kg2 Rf2+ 40.Kh3 Rxh2+ 41.Kg4 Be5
42.Re6 Bc7 43.a4 Rb2  0-1

[Event "10th IM Int"]
[Site "Sao Jose do Rio Preto BRA"]
[Date "2012.05.30"]
[Round "1.4"]
[White "Gattass,A"]
[Black "Valiente,C"]
[Result "1/2-1/2"]
[WhiteElo "2256"]
[BlackElo "2268"]

1.d4 e6 2.e4 c5 3.Nf3 cxd4 4.Nxd4 a6 5.Bd3 Bc5 6.Nb3 Be7 7.O-O d6 8.Nc3 Nf6
9.a4 b6 10.f4 Qc7 11.Kh1 Bb7 12.Qe2 Nbd7 13.Be3 O-O 14.Bg1 Rfe8 15.Rae1 e5  1/2-1/2

[Event "1st Euro 2012 Open"]
[Site "Lviv UKR"]
[Date "2012.05.31"]
[Round "5"]
[White "Firman,N"]
[Black "Shkuran,D"]
[Result "1-0"]
[WhiteElo "2563"]
[BlackElo "2350"]

1.e4 c5 2.Nf3 e6 3.d4 cxd4 4.Nxd4 a6 5.Bd3 Nc6 6.Nxc6 bxc6 7.O-O d5 8.Bf4 Nf6
9.Nd2 g6 10.c4 Nh5 11.Be5 f6 12.Be2 fxe5 13.Bxh5 d4 14.Bg4 Bh6 15.Nf3 Qd6
16.b4 O-O 17.c5 Qc7 18.Qb3 Rf6 19.a4 Rb8 20.Qc4 Kf7 21.g3 g5 22.Bh5+ Kg7
23.Ne1 Kh8 24.Nd3 Rf8 25.Rfb1 Bg7 26.Rb3 h6 27.Rab1 Kh7 28.Nb2 Bf6 29.Qc2 Qg7
30.Nc4 Bd8 31.Nd6 Qd7 32.Qc4 Bc7 33.Nxc8 Qxc8 34.Be2 Ra8 35.b5 axb5 36.axb5 cxb5
37.Rxb5 Qe8 38.Bg4 Rf6 39.Rb7 Qc6 40.Qb5 Qxe4 41.Qd7+ Kg6 42.Qxc7 Qxg4 43.Qg7+ Kf5
44.Qh7+  1-0

[Event "XXVII Felix Cup 2012"]
[Site "Baile Felix ROU"]
[Date "2012.06.03"]
[Round "5.2"]
[White "Petrisor,A"]
[Black "Cordea,D"]
[Result "1/2-1/2"]
[WhiteElo "2388"]
[BlackElo "1989"]

1.e4 c5 2.Nf3 e6 3.d4 cxd4 4.Nxd4 a6 5.Bd3 Qc7 6.Nc3 Nf6 7.f4 d6 8.O-O Nbd7
9.Kh1 Be7 10.Bd2 b6 11.Qf3 Bb7 12.Qg3 O-O 13.Rae1 Nc5 14.Qh3 Nxd3 15.cxd3 Rfd8
16.Rf3 Qc5 17.Be3 Qh5 18.Qxh5 Nxh5 19.Nb3 Rdb8 20.Bxb6 Bxe4 21.dxe4 Rxb6
22.e5 g6 23.g4 Ng7 24.Re2 Rab8 25.Rd2 d5 26.Nd1 Rc8 27.Rc3 Rxc3 28.Nxc3 Ne8
29.Nd4 Bc5 30.Nce2 Nc7 31.Rc2 Bxd4 32.Nxd4 Rb4 33.Nc6 Rc4 34.Rxc4 dxc4 35.Kg2 Nd5
36.Kf3 c3 37.bxc3 Nxc3 38.a3 Kf8 39.h4 Nb1 40.a4 a5 41.Nxa5 Nc3 42.f5 exf5
43.gxf5 gxf5 44.Kf4 Nxa4 45.Kxf5 Kg7 46.Nb7 Nc3 47.Nd6 Ne2 48.Ne8+ Kf8 49.Nf6 Kg7
50.Kg5 Nd4 51.Nh5+ Kg8  1/2-1/2

[Event "Asian Junior Girls 2012"]
[Site "Tashkent UZB"]
[Date "2012.06.03"]
[Round "5.2"]
[White "Pon,N"]
[Black "Nandhidhaa,P"]
[Result "1/2-1/2"]
[WhiteElo "2150"]
[BlackElo "2176"]

1.e4 c5 2.Nf3 e6 3.d4 cxd4 4.Nxd4 a6 5.Bd3 Bc5 6.Nb3 Be7 7.O-O d6 8.Qg4 g6
9.Qe2 Nd7 10.c4 b6 11.Nc3 Bb7 12.f4 Ngf6 13.Be3 O-O 14.h3 Rc8 15.Rad1 Qc7
16.Qf2 Rfe8 17.Nd2 Bc6 18.b4 Qb8 19.Nb3 Qb7 20.Qc2 Qa8 21.a3 b5 22.cxb5 Bxb5
23.Nd4 Bc4 24.Qe2 Nb6 25.a4 d5 26.e5 Ne4 27.Nxe4 dxe4 28.Bxc4 Nxc4 29.Rb1 Red8
30.Rfd1 Nxe3 31.Qxe3 Rc4 32.Rbc1 Qd5 33.Ne2 Rxc1 34.Rxc1 Bxb4 35.Nc3 Qb3
36.Kh2 Rd3 37.Qxe4 Rxc3 38.Rb1 Qxa4 39.Rxb4 Qc6 40.Rb8+ Kg7 41.Qxc6 Rxc6
42.Ra8 Rc4 43.Kg3 Ra4 44.h4 Ra3+ 45.Kf2 h6 46.g4 Rh3 47.Rxa6 Rxh4 48.Kg3 Rh1
49.Ra7 Re1 50.Kf2 Rb1 51.f5 gxf5 52.gxf5 Rb6 53.fxe6 Rxe6 54.Ra5 Kg6 55.Kf3 Rb6
56.Ra4 h5 57.Kf4 Rc6 58.Rb4 h4 59.Kg4 Re6 60.Rb5 Re7 61.Rb6+ Re6 62.Rb5 Re7
63.Rb6+ Kg7 64.Rb5 Kg6  1/2-1/2

[Event "11th TCh-BIH Premier"]
[Site "Jahorina BIH"]
[Date "2012.06.04"]
[Round "3.3"]
[White "Mrndjic,M"]
[Black "Sutkovic,D"]
[Result "1/2-1/2"]
[WhiteElo "2232"]
[BlackElo "2357"]

1.e4 c5 2.Nf3 e6 3.d4 cxd4 4.Nxd4 a6 5.Bd3 Bc5 6.Nb3 Be7 7.c4 Nc6 8.O-O Nf6
9.Nc3 O-O 10.Be3 d6 11.f4 b6 12.Nd4 Nxd4 13.Bxd4 e5 14.Be3 Ng4 15.Bd2 d5
16.Kh1 Bc5 17.Qe1 dxc4 18.Bxc4 Qd4 19.Bd5 Ra7 20.Nd1 exf4 21.Bc3 Qd3 22.Rxf4 Be6
23.Rf3 Qb5 24.Qg3 Bxd5 25.exd5 f5 26.h3 Nh6 27.Be5 f4 28.Bxf4 Raf7 29.Nc3 Qxb2
30.Rb1 Qc2 31.Bxh6 Qxc3 32.Rxc3 Rf1+ 33.Kh2 Bg1+ 34.Kh1 Bf2+ 35.Kh2  1/2-1/2

[Event "4th Rheinland-Pfalz Open 2012"]
[Site "Altenkirchen GER"]
[Date "2012.06.07"]
[Round "2.7"]
[White "Wallgren,U"]
[Black "Vovk,Y"]
[Result "0-1"]
[WhiteElo "2092"]
[BlackElo "2562"]

1.e4 c5 2.Nf3 e6 3.d4 cxd4 4.Nxd4 a6 5.Bd3 Nf6 6.Nc3 d6 7.O-O Be7 8.Be3 Nc6
9.f4 e5 10.Nxc6 bxc6 11.Kh1 Ng4 12.Bg1 exf4 13.Rxf4 Ne5 14.Bd4 Bf6 15.Qg1 c5
16.Be3 Bg5 17.Rff1 Be6 18.Rae1 O-O 19.Bxg5 Qxg5 20.Qe3 h6 21.Qxg5 hxg5 22.b3 Rfb8
23.Rd1 Kf8 24.Nd5 Bxd5 25.exd5 Rb4 26.Rfe1 a5 27.a3 Rf4 28.Bb5 Rb8 29.a4 Rf2
30.c4 f6 31.Kg1 Rf4 32.Re3 Ke7 33.g3 Rd4 34.Rde1 Rh8 35.R1e2 Kd8 36.Re4 g4
37.Kg2 g5 38.R4e3 f5 39.Rxe5 dxe5 40.Rxe5 f4 41.Rxg5 f3+ 42.Kg1 Rf8 43.Kf2 Rd2+  0-1

[Event "4th Rheinland-Pfalz Open 2012"]
[Site "Altenkirchen GER"]
[Date "2012.06.07"]
[Round "2.4"]
[White "Kravtsiv,M"]
[Black "Dietzsch,H"]
[Result "1-0"]
[WhiteElo "2588"]
[BlackElo "2094"]

1.e4 c5 2.Nf3 e6 3.d4 cxd4 4.Nxd4 a6 5.Bd3 Qc7 6.O-O Nf6 7.Nc3 Nc6 8.Nb3 b5
9.f4 Qb6+ 10.Kh1 h5 11.Qf3 Ng4 12.Bd2 Bb7 13.a4 b4 14.a5 Qc7 15.Nd1 f5 16.Qe2 h4
17.Ne3 h3 18.Nxg4 hxg2+ 19.Qxg2 fxg4 20.Qxg4 O-O-O 21.Be3 Re8 22.Bb6 Qd6
23.Rad1 Qe7 24.Nc5 Qf6 25.Nxb7 Qh6 26.Qe2  1-0

[Event "5th Sudety Open 2012"]
[Site "Szklarska Poreba POL"]
[Date "2012.06.07"]
[Round "6"]
[White "Polok,K"]
[Black "Aliavdin,N"]
[Result "0-1"]
[WhiteElo "2170"]
[BlackElo "2382"]

1.e4 c5 2.Nf3 e6 3.d4 cxd4 4.Nxd4 a6 5.Bd3 Bc5 6.Nb3 Be7 7.O-O d6 8.c4 Nf6
9.Nc3 O-O 10.Kh1 Nbd7 11.f4 b6 12.Nd4 Bb7 13.Qe2 Qc7 14.f5 e5 15.Nc2 Nc5
16.Ne3 Kh8 17.Ned5 Bxd5 18.Nxd5 Nxd5 19.cxd5 Rfc8 20.Be3 Nxd3 21.Qxd3 Qc4
22.Rfd1 b5 23.b3 Qxd3 24.Rxd3 Rc2 25.Rdd1 h6 26.Kg1 Bg5 27.Bxg5 hxg5 28.Rf1 Rac8
29.f6 g6 30.h3 Kh7 31.Rf2 g4 32.hxg4 Kh6 33.Rf3 Kg5 34.Kh2 Re2 35.b4 Rcc2
36.Rg1 Rxe4 37.Ra3 Rxg4 38.Rxa6 Rh4+ 39.Kg3 Rc3+ 40.Kf2 Rxb4  0-1

[Event "4th Rheinland-Pfalz Open 2012"]
[Site "Altenkirchen GER"]
[Date "2012.06.08"]
[Round "4.3"]
[White "Kravtsiv,M"]
[Black "Jaracz,P"]
[Result "0-1"]
[WhiteElo "2588"]
[BlackElo "2514"]

1.e4 c5 2.Nf3 e6 3.d4 cxd4 4.Nxd4 a6 5.Bd3 Nf6 6.O-O Qc7 7.Nc3 d6 8.f4 Nbd7
9.Qf3 g6 10.Be3 Bg7 11.Kh1 O-O 12.Rae1 b5 13.e5 dxe5 14.Ndxb5 Qb8 15.Nd6 Qxb2
16.Qxa8 Qxc3 17.Nxc8 Rxc8 18.Qxa6 Nd5 19.fxe5 Bxe5 20.Bd2 Qc7 21.Ba5 Qb8
22.Rb1 Qa8 23.Qxa8 Rxa8 24.Rb5 Ra7 25.g3 Bd4 26.Be4 Ne3 27.Rfb1 Nc4 28.Rb7 Nxa5
29.Rxa7 Bxa7 30.Rb5 Bb6 31.a4 Kf8 32.Bd3 Ke7 33.c4 Nc6 34.Be4 Nd4 35.Rb1 Kd6
36.Bb7 Kc7 37.Ba6 Nc5 38.Bb5 e5 39.Kg2 f5 40.h4 e4 41.h5 e3 42.Be8 g5 43.h6 Ne4  0-1

[Event "5th Mayors Cup 2012"]
[Site "Mumbai IND"]
[Date "2012.06.12"]
[Round "8.9"]
[White "Deepan,C"]
[Black "Kulkarni,R"]
[Result "1-0"]
[WhiteElo "2461"]
[BlackElo "2234"]

1.e4 c5 2.Nf3 e6 3.d4 cxd4 4.Nxd4 a6 5.Bd3 Nc6 6.Nxc6 dxc6 7.O-O e5 8.Nd2 Nf6
9.Nc4 Qc7 10.Bd2 b5 11.Ba5 Qb8 12.Ne3 Bc5 13.a4 O-O 14.Qe2 Be6 15.Rfc1 Bb6
16.Bxb6 Qxb6 17.c4 Rab8 18.c5 Qc7 19.axb5 axb5 20.Nc2 Ra8 21.Nb4 Nd7 22.Qe3 Qb7
23.Bf1 Rxa1 24.Rxa1 Ra8 25.Rxa8+ Qxa8 26.Qa3 Qb7 27.Qa5 Qc8 28.Qa7 g6 29.g3 Kg7
30.h4 h6 31.Bd3 Kf6 32.Na6 g5 33.hxg5+ hxg5 34.Be2 Kg6 35.Nb4 Kf6 36.Nc2 Qf8
37.b4 Kg6 38.Qb7 Nb8 39.Qc7 f6 40.Ne3 Bd7 41.Bg4 Bxg4 42.Nxg4 Na6 43.Qxc6 Nxb4
44.Nxe5+ Kh5 45.Qxb5 fxe5 46.Qxb4 Kg4 47.Qd2 Qf3 48.Qd7+ Kh5 49.Qh3+ Kg6
50.Qe6+ Kh5 51.Qxe5 Kg4 52.Qe6+ Kh5 53.Qh3+ Kg6 54.Qf5+ Qxf5 55.exf5+ Kxf5
56.Kg2 g4 57.Kf1  1-0

[Event "16th Voronezh Master Open"]
[Site "Voronezh RUS"]
[Date "2012.06.12"]
[Round "1.19"]
[White "Shaposhnikov,E"]
[Black "Gritsenko,V"]
[Result "1-0"]
[WhiteElo "2551"]
[BlackElo "2268"]

1.e4 c5 2.Nf3 e6 3.d4 cxd4 4.Nxd4 a6 5.Bd3 Nf6 6.O-O d6 7.c4 b6 8.Nc3 Bb7
9.f4 Nc6 10.Nxc6 Bxc6 11.b3 Be7 12.Bb2 O-O 13.Qe2 Nd7 14.Rad1 b5 15.cxb5 axb5
16.Bxb5 Qb6+ 17.Rf2 Bxb5 18.Qxb5 Qxb5 19.Nxb5 Rxa2 20.Bxg7 Rfa8 21.Rxa2 Rxa2
22.Bd4 e5 23.Nc3 Rc2 24.Nd5 Bf8 25.Be3 Rb2 26.b4 exf4 27.Bd4 Re2 28.Ra1 Rxe4
29.Bc3 Bg7 30.Ra8+ Nf8 31.Nf6+ Bxf6 32.Bxf6 Re6 33.b5 Rxf6 34.b6 Kg7 35.Rxf8 Kxf8
36.b7 f3 37.b8=Q+ Kg7 38.g3 f2+ 39.Kf1 h6 40.Qb2 Kg6 41.Qc2+ Kg7 42.Qc3 Kg6
43.Qd3+ Kg7 44.Qd4 Kg6 45.Qg4+ Kh7 46.h4 Rg6 47.Qe4 Kg7 48.Kxf2  1-0

[Event "5th Mayors Cup 2012"]
[Site "Mumbai IND"]
[Date "2012.06.14"]
[Round "10.13"]
[White "Tilak,S"]
[Black "Debashis,D"]
[Result "0-1"]
[WhiteElo "2287"]
[BlackElo "2425"]

1.e4 c5 2.Nf3 e6 3.d4 cxd4 4.Nxd4 a6 5.Bd3 Nf6 6.O-O Qc7 7.Qe2 d6 8.Nd2 Be7
9.f4 Nbd7 10.N2f3 Nc5 11.Kh1 Bd7 12.e5 Nxd3 13.cxd3 dxe5 14.fxe5 Nd5 15.Bg5 O-O
16.Rac1 Qd8 17.Qd2 Bb5 18.h4 Qd7 19.Bxe7 Qxe7 20.a3 h6 21.Rce1 Rfd8 22.g4 Nc7
23.Qe3 Rd7 24.g5 h5 25.g6 fxg6 26.Ng5 Rad8 27.Rf7 Qc5 28.Rxd7 Rxd7 29.Ndxe6 Nxe6
30.Nxe6 Qd5+  0-1

[Event "26th Pula Open"]
[Site "Pula CRO"]
[Date "2012.06.16"]
[Round "9.19"]
[White "Blazeka,M"]
[Black "Maurer,Joc"]
[Result "1/2-1/2"]
[WhiteElo "2202"]
[BlackElo "2274"]

1.e4 c5 2.Nf3 e6 3.d4 cxd4 4.Nxd4 a6 5.Bd3 Nc6 6.Nxc6 dxc6 7.O-O e5 8.Nd2 Nf6
9.Nc4 Qc7 10.Be3 Be6 11.Bb6 Qb8 12.a4 Nd7 13.Be3 b5 14.axb5 axb5 15.Rxa8 Qxa8
16.Nb6 Nxb6 17.Bxb6 Qb7 18.Be3 Be7 19.Qd2 O-O 20.Ra1 Ra8 21.Qe1 Rxa1 22.Qxa1 c5
23.c3 h5 24.Qa5 c4 25.Bc2 g6 26.Qa7 Qxa7 27.Bxa7 b4 28.Ba4 b3 29.Be3 Bd6
30.f3 Kf8 31.g3 Ke7 32.Kf2 Bd7 33.Bxd7 Kxd7 34.f4 Ke6 35.Kf3 f6 36.h3 Ba3
37.Bc1 Bc5 38.Be3 Bf8 39.h4  1/2-1/2

[Event "Teplice Open 2012"]
[Site "Teplice CZE"]
[Date "2012.06.17"]
[Round "2.27"]
[White "Ta,V"]
[Black "Kratochvil,Jo"]
[Result "0-1"]
[WhiteElo "2026"]
[BlackElo "2231"]

1.e4 c5 2.Nf3 e6 3.d4 cxd4 4.Nxd4 a6 5.Bd3 Nf6 6.O-O Qc7 7.c4 d6 8.Nc3 Nbd7
9.f4 Be7 10.Be3 b6 11.b4 Bb7 12.Rc1 g6 13.g4 e5 14.g5 exd4 15.Bxd4 O-O 16.gxf6 Bxf6
17.Be3 Rfe8 18.Nd5 Qd8 19.Qf3 Bg7 20.Qf2 Rb8 21.Rfd1 Bxd5 22.cxd5 Nf6 23.Qf3 Qe7
24.e5 dxe5 25.fxe5 Nd7 26.e6 fxe6 27.d6 Qh4 28.Bxa6 Rf8 29.Qg3 Qxb4 30.Rc7 Rbd8
31.Bc4 Kh8 32.Bxe6 Ne5 33.Rxg7 Nf3+ 34.Kh1 Kxg7 35.a3 Qe4 36.Bd5 Qxe3 37.Kg2 Qe2+  0-1

[Event "3rd Forni di Sopra Open"]
[Site "Forni di Sopra ITA"]
[Date "2012.06.18"]
[Round "4"]
[White "Naroditsky,D"]
[Black "Korneev,O"]
[Result "1/2-1/2"]
[WhiteElo "2479"]
[BlackElo "2586"]

1.e4 c5 2.Nf3 e6 3.d4 cxd4 4.Nxd4 a6 5.Bd3 Bc5 6.Nb3 Be7 7.Qg4 g6 8.Qe2 d6
9.a4 b6 10.Nc3 Nd7 11.O-O Bb7 12.f4 Qc7 13.Bd2  1/2-1/2

[Event "3rd Forni di Sopra Open"]
[Site "Forni di Sopra ITA"]
[Date "2012.06.20"]
[Round "6.8"]
[White "Dvirnyy,D"]
[Black "Bove,A"]
[Result "1/2-1/2"]
[WhiteElo "2515"]
[BlackElo "2362"]

1.e4 c5 2.Nf3 e6 3.d4 cxd4 4.Nxd4 a6 5.Bd3 d5 6.exd5 Qxd5 7.Nc3 Qxg2 8.Be4 Qh3
9.Bf4 Ba3 10.Na4 Bxb2 11.Nxb2 Qc3+ 12.Kf1 Nf6 13.Bf3 Qxb2 14.Rb1 Qxa2 15.Rg1 e5
16.Bxe5 Bh3+ 17.Ke2 Nbd7 18.Bd6 Nd5 19.Qd3 Nc5 20.Bxd5 Qxd5 21.Bxc5 Qxc5
22.Qe3+ Qe7 23.Qxe7+ Kxe7 24.Rxb7+ Kf8 25.Rg3 Bc8 26.Rc7 g6 27.Re3 Kg7 28.Ree7 Rf8
29.c4 Bh3 30.c5 Rfe8 31.Rxe8 Rxe8+ 32.Kd3 Rc8 33.Rxc8 Bxc8 34.Nc6 Kf6 35.Kc4 Ke6
36.Kb4 Kd7  1/2-1/2

[Event "Hotel El Aguila GM"]
[Site "Utebo ESP"]
[Date "2012.06.21"]
[Round "6.4"]
[White "Antoli Royo,J"]
[Black "Pogorelov,R"]
[Result "1-0"]
[WhiteElo "2401"]
[BlackElo "2408"]

1.e4 c5 2.Nf3 e6 3.d4 cxd4 4.Nxd4 a6 5.Bd3 Nf6 6.O-O Qc7 7.f4 Bc5 8.c3 Nc6
9.Kh1 Nxd4 10.cxd4 Bxd4 11.Nc3 Bxc3 12.bxc3 d5 13.e5 Nd7 14.f5 Nxe5 15.Bf4 Qxc3
16.Bc2 Nc6 17.Rc1 Qd4 18.fxe6 Bxe6 19.Qh5 O-O-O 20.Qe2 Rhe8 21.Bd3 Bd7 22.Qd2 Qa4
23.Rc5 Re6 24.Rb1 Rde8 25.Bg3 b5 26.Bf5 Kb7 27.Qxd5 Bc8 28.Bxe6 Rxe6 29.Rbc1 b4
30.Bf2 h6 31.Rxc6 Rxc6 32.Qxf7+  1-0

[Event "5th Karen Asrian Memorial"]
[Site "Jermuk ARM"]
[Date "2012.06.22"]
[Round "7.9"]
[White "Harutjunyan,G"]
[Black "Petrosyan,M"]
[Result "1/2-1/2"]
[WhiteElo "2460"]
[BlackElo "2291"]

1.e4 c5 2.Nf3 e6 3.d4 cxd4 4.Nxd4 a6 5.Bd3 Qc7 6.O-O Nf6 7.Qe2 d6 8.c4 g6
9.Nc3 Bg7 10.Rd1 O-O 11.h3 Nc6 12.Be3 Ne5 13.Rac1 Nxd3 14.Qxd3 Rd8 15.Nf3 Bd7
16.Qxd6 Qxd6 17.Rxd6 Bc6 18.Rxd8+ Rxd8 19.Bb6 Rc8 20.Re1 Be8 21.b3 Nd7 22.Bd4 Bxd4
23.Nxd4 b5 24.f4 bxc4 25.b4 Nb6 26.Kf2 Na4 27.Rc1 Nxc3 28.Rxc3 Bb5 29.Ke3 Rd8
30.e5 Kg7 31.g4 h6 32.h4 Kh7 33.Ke4 Rd7 34.h5 gxh5 35.gxh5 Rd8 36.f5 exf5+
37.Nxf5 Bc6+ 38.Kf4 Bd5 39.Ra3 Be6 40.Rxa6 Rd2 41.Nd6 c3 42.Ne4 c2 43.Rc6 Rd4
44.Ke3 Bc4 45.Nf6+ Kg7 46.Kxd4 c1=Q 47.Rxc4 Qd2+ 48.Kc5 Qe3+ 49.Rd4 Qxe5+
50.Nd5 Qb8 51.b5 Qf8+ 52.Kc4 Qa3 53.Nc3 f5 54.Rd7+ Kf6 55.b6 Qa6+ 56.Kc5 Qa3+
57.Kc4 Qa6+ 58.Kc5 Qa3+ 59.Kc4  1/2-1/2

[Event "HSG Open A 2012"]
[Site "Hilversum NED"]
[Date "2012.06.24"]
[Round "6.5"]
[White "Van Osch,Mees"]
[Black "Nagtegaal,K"]
[Result "0-1"]
[WhiteElo "2029"]
[BlackElo "2203"]

1.e4 c5 2.Nf3 e6 3.d4 cxd4 4.Nxd4 a6 5.Bd3 Bc5 6.Nb3 Be7 7.Qg4 g6 8.Nc3 d6
9.Be3 Nf6 10.Qe2 O-O 11.O-O-O Nbd7 12.f4 Qc7 13.g4 b5 14.g5 Nh5 15.a3 Rb8
16.Kb1 Re8 17.Qd2 Nc5 18.Ne2 b4 19.axb4 Nxb3 20.cxb3 d5 21.Ng3 Bxb4 22.Qc2 Qxc2+
23.Bxc2 Bb7 24.Nxh5 gxh5 25.exd5 Bxd5 26.Rhg1 Rec8 27.Rxd5 exd5 28.f5 Bc5
29.Bxc5 Rxc5 30.Rg3 Re8 31.Rg1 a5 32.Bd1 h4 33.Ka2 Re3 34.f6 Rc1  0-1

[Event "TCh-SUI National A 2012"]
[Site "Switzerland SUI"]
[Date "2012.06.24"]
[Round "5.6"]
[White "Monsieux,C"]
[Black "Friedrich,N"]
[Result "1/2-1/2"]
[WhiteElo "2316"]
[BlackElo "2318"]

1.e4 c5 2.Nf3 e6 3.d4 cxd4 4.Nxd4 a6 5.Bd3 Nf6 6.Qe2 d6 7.c4 b6 8.O-O Bb7
9.f4 g6 10.Nc3 Bg7 11.Kh1 O-O 12.Nf3 Nbd7 13.Bd2 Qc7 14.Rac1 Rac8 15.b3 Qb8
16.f5 exf5 17.exf5 Rfe8 18.Qf2 Nc5 19.Bb1  1/2-1/2

[Event "TCh-SUI National A 2012"]
[Site "Switzerland SUI"]
[Date "2012.06.24"]
[Round "5.6"]
[White "Gloor,R"]
[Black "Hauser,Roland"]
[Result "1-0"]
[WhiteElo "2249"]
[BlackElo "2110"]

1.e4 c5 2.Nf3 e6 3.d4 cxd4 4.Nxd4 a6 5.Bd3 Qc7 6.Qe2 d6 7.c4 g6 8.Nc3 Bg7
9.Be3 Ne7 10.Rc1 b6 11.O-O O-O 12.f3 Nd7 13.Qf2 Bb7 14.b4 Rfb8 15.Nb3 Bc6
16.Rfd1 Bxc3 17.Rxc3 a5 18.bxa5 bxa5 19.Rdc1 Ba4 20.Nd4 Nc5 21.Bf1 Rc8 22.Nb5 Qc6
23.Ra3 Bxb5 24.cxb5 Qb7 25.Bxc5 dxc5 26.Rxc5 Rxc5 27.Qxc5 Nc8 28.Rd3 Nb6
29.Rd6 Rb8 30.g3 Na4 31.Qd4 Nb6 32.Rc6 Nd7 33.Rd6 Nb6 34.Kg2 Qc7 35.Rc6 Qb7
36.Qd6 Na8 37.Bc4 Nb6 38.Rc7  1-0

[Event "62nd ch-RUS HL w"]
[Site "Tyumen RUS"]
[Date "2012.06.27"]
[Round "11"]
[White "Adamova,T"]
[Black "Korchenkova,I"]
[Result "1-0"]
[WhiteElo "1914"]
[BlackElo "2088"]

1.e4 c5 2.Nf3 e6 3.d4 cxd4 4.Nxd4 a6 5.Bd3 Qc7 6.O-O Nc6 7.Nxc6 bxc6 8.Kh1 Nf6
9.Nd2 e5 10.Nc4 Be7 11.f4 d6 12.fxe5 dxe5 13.b3 Be6 14.Bb2 Nd7 15.Qf3 O-O
16.Rad1 f6 17.Be2 Bc5 18.Qg3 Rf7 19.Bc3 a5 20.a4 Re7 21.Qe1 Bxc4 22.Bxc4+ Kh8
23.Rf3 Bb6 24.Rh3 Nc5 25.Rxh7+ Kxh7 26.Qh4+ Kg6 27.g4  1-0

[Event "40th TCh-GRE 2012"]
[Site "Achaea GRE"]
[Date "2012.06.30"]
[Round "1.7"]
[White "Kazakos,E"]
[Black "Kordis,K"]
[Result "1-0"]
[WhiteElo "2124"]
[BlackElo "2160"]

1.e4 c5 2.Nf3 e6 3.d4 cxd4 4.Nxd4 a6 5.Bd3 Qc7 6.O-O Nf6 7.Qe2 d6 8.c4 g6
9.Nc3 Bg7 10.Rd1 O-O 11.Nf3 Nc6 12.h3 Nd7 13.Bf4 Nde5 14.Rac1 Qb8 15.Bb1 b6
16.b3 Ra7 17.Ne1 Rd7 18.Be3 Rdd8 19.Qd2 Qb7 20.Bh6 f5 21.Bxg7 Kxg7 22.f4 Nd7
23.exf5 gxf5 24.Nf3 Nf6 25.a4 Kg8 26.Re1 h6 27.Nd4 Nxd4 28.Qxd4 Qc6 29.Qf2 Kf7
30.Kh2 Rg8 31.Bd3 Bb7 32.Rg1 Ne4 33.Nxe4 fxe4 34.Be2 e3 35.Bh5+ Kf8 36.Qb2 Ke7
37.Bf3 Qc7 38.Bxb7 Qxb7 39.Qd4 e2 40.Rce1 Rdf8 41.Rxe2 Rf6 42.Qe4 Qxe4 43.Rxe4 h5
44.g3 Kd7 45.Rge1 Rgg6 46.Kg2 Rg7 47.Rd1 Kc6 48.Red4 e5 49.fxe5 dxe5 50.Re4 Rgf7
51.Rd2 Rf5 52.Rde2 Kd6 53.g4 hxg4 54.hxg4 Rf3 55.R2e3 R3f4 56.Kg3 Rxe4 57.Rxe4 Ke6
58.Re3 Rd7 59.Kh4 Rd4 60.Kg5 Rf4 61.Rd3 Rf8 62.Re3 Rf4 63.Rh3 Rf6 64.Rh8 Kf7
65.Rh7+ Ke6 66.Rb7 Rf8 67.Rxb6+ Kd7 68.Rxa6 e4 69.Rh6 e3 70.Rh2 Rf2 71.Rh3 e2
72.Re3  1-0

[Event "40th TCh-GRE 2012"]
[Site "Achaea GRE"]
[Date "2012.07.01"]
[Round "2.16"]
[White "Istratescu,A"]
[Black "Khetsuriani,B"]
[Result "1-0"]
[WhiteElo "2636"]
[BlackElo "2336"]

1.e4 c5 2.Nf3 e6 3.d4 cxd4 4.Nxd4 a6 5.Bd3 Nf6 6.O-O Qc7 7.Qe2 d6 8.c4 Be7
9.b3 O-O 10.Bb2 b6 11.Nd2 Bb7 12.f4 Nc6 13.N2f3 Nxd4 14.Nxd4 Nd7 15.Rad1 Rfe8
16.Kh1 Bf6 17.Bb1 Rad8 18.Rd3 g6 19.Rg3 Bg7 20.f5 Be5 21.fxe6 fxe6 22.Rgf3 Re7
23.Qf2 Rde8 24.Bc1 Bg7 25.Bg5 Ne5 26.Bxe7 Nxf3 27.Nxe6 Qxe7 28.Nxg7 Kxg7
29.gxf3 Qc7 30.Qd4+ Kg8 31.Rd1 Re6 32.Bd3 Qc5 33.Be2 Qxd4 34.Rxd4 g5 35.b4 Kf8
36.Kg2 Ke7 37.Kg3 Kf6 38.f4 gxf4+ 39.Kxf4 Ke7 40.Bg4  1-0

[Event "Perla Baltyku Open 2012"]
[Site "Lazy POL"]
[Date "2012.07.01"]
[Round "2.8"]
[White "Kanarek,M"]
[Black "Szotkowski,J"]
[Result "1-0"]
[WhiteElo "2484"]
[BlackElo "2063"]

1.e4 c5 2.Nf3 e6 3.d4 cxd4 4.Nxd4 a6 5.Bd3 Nf6 6.Qe2 d6 7.f4 Nbd7 8.Be3 b6
9.Nd2 Bb7 10.O-O-O Qc7 11.Kb1 Nc5 12.Bf2 h5 13.h3 Rd8 14.N4b3 b5 15.g4 hxg4
16.hxg4 Rxh1 17.Rxh1 Nxd3 18.cxd3 Rc8 19.g5 Nd7 20.g6 f6 21.Rc1 Qd8 22.Re1 e5
23.Nf3 Qe7 24.d4 exf4 25.Nh4 Kd8 26.d5 Nc5 27.Nf5 Qe8 28.Na5 Ba8 29.Qg4 Rc7
30.Nd4 Qd7 31.Ne6+ Ke7 32.Bxc5 Rxc5 33.Qxf4 Rc8 34.Nb3 Qe8 35.Qg4 Rc4 36.Nbd4 Qc8
37.Nf5+ Ke8 38.Nexg7+  1-0

[Event "XXI Adolf Anderssen Mem KO"]
[Site "Wroclaw POL"]
[Date "2012.07.01"]
[Round "1.1"]
[White "Jaracz,B"]
[Black "Iwanow,A"]
[Result "0-1"]
[WhiteElo "2312"]
[BlackElo "2186"]

1.e4 c5 2.Nf3 e6 3.d4 cxd4 4.Nxd4 a6 5.Bd3 Bc5 6.Nb3 Be7 7.O-O d6 8.c4 Nf6
9.Nc3 Nbd7 10.f4 Qc7 11.Qe2 b6 12.Bd2 Bb7 13.Rae1 h5 14.Kh1 h4 15.f5 Ne5
16.fxe6 fxe6 17.Nd4 Qd7 18.Bc2 Rc8 19.Ba4 Nc6 20.Nd5 b5 21.Nxc6 Bxc6 22.Nb6 Qb7
23.Nxc8 bxa4 24.Nxe7 Kxe7 25.Bg5 h3 26.Bxf6+ gxf6 27.Qg4 hxg2+ 28.Qxg2 Rf8
29.Kg1 Rf7 30.Rf4 Qb6+ 31.Qf2 Qb4 32.Rg4 Qxc4 33.Qa7+ Bd7 34.Rg3 Rh7 35.Qf2 Qxa2
36.Rf1 Rf7 37.Rf3 Rg7+ 38.Rg3 Rf7 39.Rg6 Qc4 40.Rxf6 Rg7+ 41.Kh1 Qxe4+ 42.Qf3 Bc6
43.h4 Qc4  0-1

[Event "XXI Adolf Anderssen Mem KO"]
[Site "Wroclaw POL"]
[Date "2012.07.01"]
[Round "2.1"]
[White "Toma,K"]
[Black "Iwanow,A"]
[Result "1-0"]
[WhiteElo "2303"]
[BlackElo "2186"]

1.e4 c5 2.Nf3 e6 3.d4 cxd4 4.Nxd4 a6 5.Bd3 Bc5 6.Nb3 Be7 7.O-O d6 8.Be3 Nd7
9.Qe2 Ngf6 10.f4 h5 11.Kh1 Qc7 12.a4 b6 13.Nc3 Bb7 14.Rae1 g6 15.Bd4 e5 16.Bg1 h4
17.Bc4 exf4 18.Rxf4 Ne5 19.Bd5 Nh5 20.Be3 Nxf4 21.Bxf4 h3 22.Rf1 hxg2+ 23.Qxg2 O-O-O
24.Bxe5 dxe5 25.Rxf7 Rhg8 26.Bxb7+ Qxb7 27.Nd5 Rd7 28.Qh3 Bd8 29.a5 Re8 30.axb6 Re7
31.Rxe7 Bxe7 32.Nxe7+ Kd8 33.Nd5 Rxd5 34.Qh8+ Kd7 35.Qg7+ Kc6 36.exd5+ Kxd5  1-0